| 000 -LEADER |
| fixed length control field |
00325pab a2200121 454500 |
| 008 - FIXED-LENGTH DATA ELEMENTS--GENERAL INFORMATION |
| fixed length control field |
180718b xxu||||| |||| 00| 0 eng d |
| 100 ## - MAIN ENTRY--PERSONAL NAME |
| Personal name |
Perkins Stephen |
| 245 ## - TITLE STATEMENT |
| Title |
Reforming Romanian energy policy |
| 362 ## - DATES OF PUBLICATION AND/OR SEQUENTIAL DESIGNATION |
| Dates of publication and/or sequential designation |
(185), Dec 93-Jan 94, p.21-25 |
| 650 ## - SUBJECT ADDED ENTRY--TOPICAL TERM |
| Topical term or geographic name entry element |
Energy Resources - Romania |
| 773 ## - HOST ITEM ENTRY |
| Main entry heading |
OECD Observer |
| 909 ## - |
| -- |
26027 |